000 00617nam a22001697a 4500
003 OSt
005 20260406151135.0
008 260406b |||||||| |||| 00| 0 eng d
040 _cMRSPTU
041 _aEnglish
100 _aSubh Naman, Supervisor: Dr. Ashish Baldi
245 _a Effervescent And Confectionary Based Novel Formulations For Paediatrics: Development, Characterization And Related Documentation
260 _bDepartment of Pharmacy, MRSPTU, Bathinda
_c2019
650 _aPharmaceutical Sciences and Technology
856 _uhttp://163.47.215.52:8080/jspui/handle/123456789/153
942 _2ddc
_cTH
_n0
999 _c11298
_d11298